CRISTIANISMO Y LIBERACION DEL HOMBRE/

TRADUCCION DE: CHRISTIANISME, LIBERATION HUMAINE, LUTTE DES CLASSES

Shranjeno v:
Bibliografske podrobnosti
Glavni avtor: Girardi, Giulio (autor)
Format: Knjiga
Serija:NUEVA ALIANZA; 55
Teme:
Oznake: Označite
Brez oznak, prvi označite!

MARC

LEADER 00000nam^a2200000^a^4500
001 000216750
005 20250521000000.0
009 20260310103702.539
020 |a 84-301-0531-X 
035 |a 039703 
037 |a Acervo Xavier Clavigero 
082 |a 261.  |b GIR 
100 |a Girardi, Giulio  |e (autor) 
245 1 0 |a CRISTIANISMO Y LIBERACION DEL HOMBRE/  |c JULES GIRARDI; TR. LEOPOLDO MARQUEZ 
264 |a SALAMANCA, ESPAÑA :  |b SIGUEME,  |c 1973 
300 |a 219p. 
336 |a texto  |b txt  |2 rdacontenido 
337 |a sin mediación  |b n  |2 rdamedio 
338 |a volumen  |b nc  |2 rdasoporte 
440 |a NUEVA ALIANZA;  |v 55 
520 |a TRADUCCION DE: CHRISTIANISME, LIBERATION HUMAINE, LUTTE DES CLASSES 
649 |a XX 
650 |a Teología Social 
910 |a Fondo General 
920 |a Impresos - Libros 
930 |a Colección General 
905 |a 101 
901 |a 039703  |b IT1  |c ACC  |i 039703  |u 20250521 
902 |a https://opac.biblio.iteso.mx/vufind/Record/000216750